An introduction to theory and reasoning in nursing / (Record no. 20534)
[ view plain ]
| 000 -LEADER | |
|---|---|
| fixed length control field | 01491cam a22003015a 4500 |
| 001 - CONTROL NUMBER | |
| control field | 17842419 |
| 005 - DATE AND TIME OF LATEST TRANSACTION | |
| control field | 20151111115540.0 |
| 008 - FIXED-LENGTH DATA ELEMENTS--GENERAL INFORMATION | |
| fixed length control field | 130731t2015 paua frbd 001 0 eng d |
| 020 ## - INTERNATIONAL STANDARD BOOK NUMBER | |
| International Standard Book Number | 1451190352 (alk. paper) |
| 020 ## - INTERNATIONAL STANDARD BOOK NUMBER | |
| International Standard Book Number | 9781451190359 (alk. paper) |
| 040 ## - CATALOGING SOURCE | |
| Original cataloging agency | DNLM/DLC |
| Transcribing agency | DLC |
| Modifying agency | EG-ScBUE |
| Language of cataloging | eng |
| 082 04 - DEWEY DECIMAL CLASSIFICATION NUMBER | |
| Classification number | 610.7301 |
| Edition number | 22 |
| Item number | JOH |
| 100 1# - MAIN ENTRY--PERSONAL NAME | |
| Personal name | Johnson, Betty M. |
| 9 (RLIN) | 38383 |
| 245 13 - TITLE STATEMENT | |
| Title | An introduction to theory and reasoning in nursing / |
| Statement of responsibility, etc | Betty M. Johnson, Pamela B. Webber. |
| 250 ## - EDITION STATEMENT | |
| Edition statement | 4th ed. |
| 260 ## - PUBLICATION, DISTRIBUTION, ETC. (IMPRINT) | |
| Place of publication, distribution, etc | Philadelphia : |
| Name of publisher, distributor, etc | Wolters Kluwer / Lippincott Williams & Wilkins Health, |
| Date of publication, distribution, etc | c.2015. |
| 300 ## - PHYSICAL DESCRIPTION | |
| Extent | xxiii, 340 p. : |
| Other physical details | ill. (some col.) ; |
| Dimensions | 23 cm. |
| 500 ## - GENERAL NOTE | |
| General note | Visit http://thepoint.iww.com and use the code in the front of this textbook to find learning resources such as journal articles and an Internet guide. |
| 500 ## - GENERAL NOTE | |
| General note | Glossary : p. 325-329. |
| 500 ## - GENERAL NOTE | |
| General note | Index : p. 331-340. |
| 504 ## - BIBLIOGRAPHY, ETC. NOTE | |
| Bibliography, etc | Includes bibliographical reference. |
| 505 0# - FORMATTED CONTENTS NOTE | |
| Formatted contents note | An introduction -- Language, meanings, structure, and relationships -- Theory, research, and reasoning -- Reasoning and technology -- Support theory -- Foundations of nursing theory -- Nursing theory -- Theory evaluation -- Introduction to research -- Theory and practice -- Multidisciplinary theory -- The future. |
| 650 #0 - SUBJECT ADDED ENTRY--TOPICAL TERM | |
| Topical term or geographic name as entry element | Nursing |
| General subdivision | Philosophy |
| Source of heading or term | BUEsh |
| 9 (RLIN) | 36267 |
| 650 #7 - SUBJECT ADDED ENTRY--TOPICAL TERM | |
| Topical term or geographic name as entry element | Nursing Theory. |
| Source of heading or term | BUEsh |
| 9 (RLIN) | 36317 |
| 653 ## - INDEX TERM--UNCONTROLLED | |
| Resource For college | Nursing |
| Arrived date list | August2015 |
| -- | November2015 |
| 700 1# - ADDED ENTRY--PERSONAL NAME | |
| Personal name | Webber, Pamela Bayliss |
| 942 ## - ADDED ENTRY ELEMENTS (KOHA) | |
| Source of classification or shelving scheme | Dewey Decimal Classification |
| Call number prefix | 610.7301 JOH |
| Withdrawn status | Lost status | Source of classification or shelving scheme | Damaged status | Not for loan | Koha collection | Home library | Current library | Shelving location | Date acquired | Source of acquisition | Cost, normal purchase price | Serial Enumeration / chronology | Total Checkouts | Full call number | Barcode | Date last seen | Cost, replacement price | Koha item type | Total Renewals | Date last borrowed |
|---|---|---|---|---|---|---|---|---|---|---|---|---|---|---|---|---|---|---|---|---|
| Dewey Decimal Classification | Baccah | Central Library | Central Library | First floor | 17/08/2015 | Purchase | 476.00 | 21764 | 610.7301 JOH | 000030744 | 15/07/2025 | 595.00 | Book - Borrowing | |||||||
| Dewey Decimal Classification | Baccah | Central Library | Central Library | First floor | 17/08/2015 | Purchase | 476.00 | 21764 | 1 | 610.7301 JOH | 000030745 | 15/07/2025 | 595.00 | Book - Borrowing | 2 | 05/06/2018 |